[Event "Minsk Open 2010"]
[Site "?"]
[Date "2010.08.07"]
[Round "4.11"]
[White "Lutsko, Igor"]
[Black "Mukhin, Pavel"]
[Result "1/2-1/2"]
[WhiteElo "2421"]
[BlackElo "2214"]
[PlyCount "93"]
[EventDate "2010.08.04"]
[SourceDate "2010.08.04"]

1. d4 Nf6 2. c4 e6 3. Nc3 Bb4 4. e3 c5 5. Bd3 Nc6 6. Nge2 cxd4 7. exd4 d5 8.
Bg5 dxc4 9. Bxc4 Be7 10. O-O O-O 11. a3 a6 12. Ba2 b5 13. Bb1 Bb7 14. Qd3 g6
15. Rd1 Na5 16. Ba2 Rc8 17. Rab1 Nc4 18. a4 Qd7 19. axb5 axb5 20. Ng3 Rfd8 21.
Qe2 Kg7 22. h4 h6 23. Bf4 Qc6 24. f3 Nd5 25. Nxd5 Qxd5 26. Ne4 Bxh4 27. Rbc1
Be7 28. b3 Na3 29. Nc5 Bf6 30. b4 Nc4 31. Rxc4 bxc4 32. Bxc4 Qc6 33. Qe3 h5 34.
Be5 Rd5 35. Bxf6+ Kxf6 36. Bxd5 Qxd5 37. Qe5+ Ke7 38. Nxb7 Qxb7 39. d5 Qb6+ 40.
Kh1 Rd8 41. Rd4 Rd6 42. Re4 f6 43. Qg3 Rxd5 44. Qxg6 Rd1+ 45. Kh2 Qg1+ 46. Kg3
h4+ 47. Kxh4 1/2-1/2

[Event "Minsk Open 2010"]
[Site "?"]
[Date "2010.08.07"]
[Round "4.12"]
[White "Poleshchuk, Dmitriy"]
[Black "Zamruk, Aleksandar"]
[Result "1/2-1/2"]
[WhiteElo "2204"]
[BlackElo "2394"]
[PlyCount "34"]
[EventDate "2010.08.04"]
[SourceDate "2010.08.04"]

1. e4 e5 2. Nf3 d6 3. d4 exd4 4. Nxd4 Nf6 5. Nc3 Be7 6. Bc4 O-O 7. O-O a6 8. a4
Nc6 9. h3 Bd7 10. Re1 Re8 11. Bf4 h6 12. Bg3 Nxd4 13. Qxd4 Bc6 14. b4 Nd7 15.
Nd5 Bf6 16. Nxf6+ Qxf6 17. Qxf6 Nxf6 1/2-1/2

[Event "Minsk Open 2010"]
[Site "?"]
[Date "2010.08.07"]
[Round "4.13"]
[White "Bulanov, Dmitri"]
[Black "Elkin, Leonid"]
[Result "1-0"]
[WhiteElo "2379"]
[BlackElo "2196"]
[PlyCount "145"]
[EventDate "2010.08.04"]
[SourceDate "2010.08.04"]

1. d4 Nf6 2. c4 g6 3. Nc3 Bg7 4. e4 d6 5. f3 O-O 6. Be3 e5 7. d5 c6 8. Qd2 cxd5
9. cxd5 a6 10. Bd3 Nbd7 11. Nge2 b5 12. O-O-O Nc5 13. Bc2 Qa5 14. a3 Bd7 15.
Kb1 Rab8 16. Nc1 Qc7 17. b4 Na4 18. Nxa4 bxa4 19. Na2 Rfc8 20. Rc1 Qb7 21. Bd3
Ne8 22. Rxc8 Rxc8 23. Rc1 Nc7 24. Rc2 Nb5 25. Rxc8+ Qxc8 26. Kb2 Nd4 27. Bxd4
exd4 28. Kb1 f5 29. exf5 Bxf5 30. Qc2 Bxd3 31. Qxd3 Be5 32. h3 Qd8 33. Nc1 Qg5
34. Qe2 Kg7 35. g4 Bf6 36. Qxa6 Qxd5 37. Qxa4 Qxf3 38. Qb3 Qh1 39. Qd3 Kh6 40.
Kc2 Bg5 41. Ne2 Qc6+ 42. Kb2 Kg7 43. b5 Qc5 44. Kb3 Qd5+ 45. Ka4 Bf6 46. Kb4
Qg5 47. Kb3 Qd5+ 48. Kb2 Qc5 49. Nc1 Qd5 50. a4 Qa8 51. Ka3 d5 52. Kb3 Qa7 53.
Qc2 Bd8 54. Nd3 Qe7 55. Qf2 Bb6 56. Qe1 Qe4 57. Kc2 Kf6 58. Qf2+ Kg5 59. Qd2+
Qe3 60. Qxe3+ dxe3 61. Kd1 d4 62. Ke2 h5 63. gxh5 gxh5 64. Nb4 Kf5 65. Nd5 Bc5
66. b6 Ke5 67. b7 Ba7 68. Nb4 Kd6 69. Na6 Ke5 70. Kd3 Kf4 71. b8=Q+ Bxb8 72.
Nxb8 Kg3 73. Nc6 1-0

[Event "Minsk Open 2010"]
[Site "?"]
[Date "2010.08.07"]
[Round "4.14"]
[White "Aliavdin, Nikolai"]
[Black "Ulasevich, Sergei"]
[Result "0-1"]
[WhiteElo "2367"]
[BlackElo "2157"]
[PlyCount "100"]
[EventDate "2010.08.04"]
[SourceDate "2010.08.04"]

1. e4 c5 2. Nf3 d6 3. c3 Nf6 4. h3 Nc6 5. Bd3 g6 6. O-O Bg7 7. Bc2 O-O 8. d4
cxd4 9. cxd4 Qb6 10. d5 Nb8 11. Nc3 Nbd7 12. Rb1 a6 13. Be3 Qc7 14. Qd2 b5 15.
Rfc1 Ne5 16. Nxe5 dxe5 17. b4 Bd7 18. Bc5 Rfe8 19. a4 Nh5 20. axb5 axb5 21. Bd3
Qb7 22. Kh2 f5 23. g3 Nf6 24. f3 e6 25. dxe6 Bxe6 26. Bxb5 Rad8 27. Qe2 fxe4
28. fxe4 Kh8 29. Rd1 Rxd1 30. Rxd1 Qc8 31. Na4 Bb3 32. Ra1 Qb7 33. Qd3 Bxa4 34.
Rxa4 Rb8 35. Bc4 Qxe4 36. Qxe4 Nxe4 37. Ba7 Rd8 38. b5 Rd2+ 39. Kg1 Bh6 40. Bb6
Nxg3 41. Ra8+ Kg7 42. Ra7+ Kh8 43. Bc5 Bf4 44. b6 e4 45. Re7 Nf5 46. Re8+ Kg7
47. b7 Rc2 48. Bf8+ Kf6 49. Bh6 Bh2+ 50. Kf1 Rxc4 0-1

[Event "Minsk Open 2010"]
[Site "?"]
[Date "2010.08.07"]
[Round "4.15"]
[White "Shulakova, Svetlana"]
[Black "Bogachkov, Igor"]
[Result "0-1"]
[WhiteElo "2192"]
[BlackElo "2347"]
[PlyCount "70"]
[EventDate "2010.08.04"]
[SourceDate "2010.08.04"]

1. d4 Nf6 2. c4 g6 3. Nc3 Bg7 4. e4 d6 5. Be2 O-O 6. Bg5 Na6 7. h4 c5 8. d5 e6
9. Qd2 exd5 10. exd5 Qe8 11. O-O-O b5 12. cxb5 Nb4 13. a3 Bf5 14. f3 Nc2 15.
Bd3 Nd4 16. Kb1 Bxd3+ 17. Qxd3 Rb8 18. Nge2 Nxb5 19. Ka2 Nd7 20. Bf4 Ne5 21.
Bxe5 Qxe5 22. Rd2 Nd4 23. Nxd4 cxd4 24. f4 Qh5 25. g4 Qxg4 26. Ne2 Qg2 27. Rh3
Qxd5+ 28. Ka1 Rfc8 29. Rd1 Qb7 30. Rd2 Rc3 31. Nxc3 dxc3 32. Rc2 Qb3 33. Re2 c2
34. Rxc2 Bxb2+ 35. Kb1 Bc3+ 0-1

[Event "Minsk Open 2010"]
[Site "?"]
[Date "2010.08.07"]
[Round "4.16"]
[White "Kovalev, Vladislav"]
[Black "Gromadin, Gleb"]
[Result "1-0"]
[WhiteElo "2329"]
[BlackElo "2169"]
[PlyCount "65"]
[EventDate "2010.08.04"]
[SourceDate "2010.08.04"]

1. e4 c5 2. Nf3 d6 3. d4 cxd4 4. Nxd4 Nf6 5. Nc3 a6 6. Be2 e6 7. O-O Be7 8. f4
Qc7 9. a4 O-O 10. Bf3 Nc6 11. Be3 Na5 12. Bf2 Bd7 13. Nde2 Rfd8 14. Qe1 Be8 15.
b3 Rac8 16. Be3 d5 17. exd5 exd5 18. Rd1 Bb4 19. Bd4 Bc5 20. Qf2 Bxd4 21. Rxd4
Nc6 22. Nxd5 Nxd5 23. Rxd5 Nb4 24. Rxd8 Rxd8 25. c3 Nd3 26. Qe3 Qc5 27. Qxc5
Nxc5 28. Nd4 b5 29. a5 b4 30. cxb4 Nd3 31. b5 Rxd4 32. bxa6 Rd7 33. Bb7 1-0

[Event "Minsk Open 2010"]
[Site "?"]
[Date "2010.08.07"]
[Round "4.17"]
[White "Stetsko, Lanita"]
[Black "Omariev, Maksim"]
[Result "1/2-1/2"]
[WhiteElo "2132"]
[BlackElo "2311"]
[PlyCount "66"]
[EventDate "2010.08.04"]
[SourceDate "2010.08.04"]

1. c4 e5 2. Nc3 Nf6 3. g3 d5 4. cxd5 Nxd5 5. Bg2 Nb6 6. Nf3 Nc6 7. O-O Be7 8.
a3 O-O 9. b4 Be6 10. Rb1 f6 11. d3 Nd5 12. Bb2 Nxc3 13. Bxc3 Qd7 14. Re1 Rfe8
15. Nd2 Rab8 16. Nc4 Bd5 17. b5 Nd4 18. Bxd4 exd4 19. Qa4 f5 20. Nd2 Bc5 21.
Rbc1 Bb6 22. Bxd5+ Qxd5 23. Qc4 Qxc4 24. Nxc4 Bc5 25. Rc2 Re6 26. Ra1 a6 27. a4
Bb4 28. Rb1 Bc3 29. f4 g6 30. Ne5 b6 31. Rxc3 dxc3 32. Rc1 axb5 33. axb5 Rd6
1/2-1/2

[Event "Minsk Open 2010"]
[Site "?"]
[Date "2010.08.07"]
[Round "4.18"]
[White "Bylino, Oleg"]
[Black "Leontiev, Aleksandr V"]
[Result "0-1"]
[WhiteElo "2117"]
[BlackElo "2304"]
[PlyCount "31"]
[EventDate "2010.08.04"]
[SourceDate "2010.08.04"]

1. Nf3 Nf6 2. d4 g6 3. Bf4 Bg7 4. e3 O-O 5. Be2 d6 6. h3 b6 7. O-O Bb7 8. c4
Ne4 9. Nbd2 f5 10. Nxe4 fxe4 11. Nh2 Nd7 12. Bg4 e5 13. Be6+ Kh8 14. dxe5 Nxe5
15. Bg4 Nxc4 16. Bg3 0-1

[Event "Minsk Open 2010"]
[Site "?"]
[Date "2010.08.07"]
[Round "4.20"]
[White "Kurukin, Dmitry"]
[Black "Gorozhankina, Julia"]
[Result "1-0"]
[WhiteElo "2258"]
[BlackElo "2072"]
[PlyCount "69"]
[EventDate "2010.08.04"]
[SourceDate "2010.08.04"]

1. d4 Nf6 2. c4 g6 3. Nc3 d5 4. cxd5 Nxd5 5. Bd2 Bg7 6. e4 Nb6 7. Be3 O-O 8.
Bb5 Bd7 9. Be2 Be6 10. Nf3 Bc4 11. O-O Nc6 12. d5 Bxe2 13. Qxe2 Ne5 14. Nd2 c6
15. dxc6 Nxc6 16. Nb3 Nc8 17. Rfd1 Qc7 18. Rac1 e6 19. Nb5 Qe5 20. Nc5 a6 21.
Nc3 Rd8 22. Nxb7 Rxd1+ 23. Rxd1 N8e7 24. Nc5 a5 25. f4 Qb8 26. Nd7 Qb7 27. Nc5
Qb8 28. e5 Nb4 29. Nd7 Qb7 30. Nb6 Re8 31. Qb5 Nbc6 32. Rd7 Qb8 33. Bc5 Bf8 34.
Bd6 Nd4 35. Qa6 1-0

[Event "Minsk Open 2010"]
[Site "?"]
[Date "2010.08.08"]
[Round "5.1"]
[White "Lintchevski, Daniil"]
[Black "Prizant, Jaroslav"]
[Result "1/2-1/2"]
[WhiteElo "2507"]
[BlackElo "2489"]
[PlyCount "127"]
[EventDate "2010.08.04"]
[SourceDate "2010.08.04"]

1. e4 e6 2. d4 d5 3. exd5 exd5 4. Nf3 Nf6 5. Bg5 Be7 6. Bd3 Bg4 7. O-O O-O 8.
Nbd2 Nbd7 9. c3 c5 10. Re1 c4 11. Bc2 Re8 12. Nf1 Bh5 13. Ng3 Bg6 14. Nf5 Bxf5
15. Bxf5 g6 16. Bc2 Nh5 17. Bxe7 Rxe7 18. Qd2 Ng7 19. b3 Rxe1+ 20. Rxe1 cxb3
21. axb3 Qc7 22. Bd3 Re8 23. c4 dxc4 24. bxc4 Rxe1+ 25. Qxe1 Ne6 26. c5 b6 27.
Bc4 Ndf8 28. Qd2 bxc5 29. d5 Nd8 30. d6 Qb7 31. h4 Qb1+ 32. Kh2 Qe4 33. Bd5 Qf5
34. g3 Nd7 35. Kg2 Nb6 36. Ba2 c4 37. Qe2 Qe6 38. Qxe6 Nxe6 39. Kf1 Nc5 40. Ne5
Kg7 41. Nxc4 Nxc4 42. Bxc4 Nb7 43. d7 Kf8 44. Ba6 Nd8 45. h5 Ke7 46. hxg6 hxg6
47. Bb5 Ne6 48. f4 Nc5 49. g4 Nxd7 50. g5 a5 51. Ke2 Nc5 52. Ke3 a4 53. Bc4 Ne6
54. Ba2 Kd6 55. Kf3 a3 56. Ke4 Kc5 57. Ke3 Kb5 58. Kd2 Kb4 59. Kc2 Kc5 60. Kc3
Kd6 61. Kd2 Ke7 62. Ke3 Ng7 63. Ke4 Nf5 64. Bb3 1/2-1/2

[Event "Minsk Open 2010"]
[Site "?"]
[Date "2010.08.08"]
[Round "5.4"]
[White "Glidzhain, Gor"]
[Black "Teterev, Vitaly"]
[Result "1-0"]
[WhiteElo "2369"]
[BlackElo "2520"]
[PlyCount "61"]
[EventDate "2010.08.04"]
[SourceDate "2010.08.04"]

1. d4 Nf6 2. c4 g6 3. Nc3 Bg7 4. g3 O-O 5. Bg2 d6 6. Nf3 Nc6 7. O-O a6 8. h3
Rb8 9. d5 Na5 10. Nd2 c5 11. a4 e6 12. e4 exd5 13. cxd5 b5 14. axb5 axb5 15. e5
dxe5 16. Nde4 Nxe4 17. Nxe4 Nc4 18. Nxc5 Qb6 19. b4 Rd8 20. Kh2 Bb7 21. Ra2 Ra8
22. Rxa8 Bxa8 23. Bg5 Bf6 24. Qg4 Bxg5 25. Qxg5 Kg7 26. Qe7 Rc8 27. f4 Rc7 28.
Qe8 Qa7 29. fxe5 Ne3 30. Ne6+ Kh6 31. Qf8+ 1-0

[Event "Minsk Open 2010"]
[Site "?"]
[Date "2010.08.08"]
[Round "5.6"]
[White "Podolchenko, Evgeniy"]
[Black "Kocheev, Aleksandr"]
[Result "1-0"]
[WhiteElo "2514"]
[BlackElo "2259"]
[PlyCount "91"]
[EventDate "2010.08.04"]
[SourceDate "2010.08.04"]

1. Nf3 Nf6 2. c4 c5 3. e3 d5 4. cxd5 Nxd5 5. a3 Nc6 6. b3 e5 7. d3 Bd6 8. Bb2
O-O 9. Nbd2 Re8 10. Be2 b6 11. O-O Bb7 12. Re1 Bf8 13. Qc2 g6 14. Bf1 Bg7 15.
Rac1 Qe7 16. Qb1 Rad8 17. Qa1 Nc7 18. Rc2 g5 19. h3 h5 20. g3 Rd7 21. Rec1 Na5
22. e4 Nc6 23. b4 g4 24. Nh4 Ne6 25. Nf5 Qf6 26. Nb3 Bf8 27. bxc5 bxc5 28. hxg4
hxg4 29. Nxc5 Bxc5 30. Rxc5 Ng5 31. Be2 Nf3+ 32. Kg2 Ncd4 33. Bxd4 Nxd4 34.
Nxd4 Rxd4 35. R1c4 Red8 36. Rxd4 Rxd4 37. Qb1 Qe7 38. Rb5 Ba6 39. Rb8+ Kg7 40.
Qh1 Rd8 41. Rxd8 Qxd8 42. Qh4 Qxh4 43. gxh4 f5 44. exf5 e4 45. Bxg4 exd3 46.
Kf3 1-0

[Event "Minsk Open 2010"]
[Site "?"]
[Date "2010.08.08"]
[Round "5.7"]
[White "Lomako, Pavel"]
[Black "Kurukin, Dmitry"]
[Result "1/2-1/2"]
[WhiteElo "2431"]
[BlackElo "2258"]
[PlyCount "56"]
[EventDate "2010.08.04"]
[SourceDate "2010.08.04"]

1. d4 Nf6 2. Nf3 g6 3. g3 Bg7 4. Bg2 O-O 5. O-O d6 6. Nbd2 c5 7. dxc5 dxc5 8.
c3 Qc7 9. Nc4 Be6 10. Nfe5 Rd8 11. Qa4 Nd5 12. Nd3 Nd7 13. Nf4 Nxf4 14. Bxf4
Ne5 15. Rfd1 Bxc4 16. Qxc4 g5 17. Bxe5 Qxe5 18. Bxb7 Rab8 19. Bf3 Bf6 20. Qa4
Qc7 21. Qg4 Kg7 22. h4 h6 23. hxg5 hxg5 24. Kg2 Rxd1 25. Rxd1 Rxb2 26. Rh1 Qe5
27. Be4 e6 28. Rd1 Rxa2 1/2-1/2

[Event "Minsk Open 2010"]
[Site "?"]
[Date "2010.08.08"]
[Round "5.8"]
[White "Bakin, Alexander"]
[Black "Bulanov, Dmitri"]
[Result "1-0"]
[WhiteElo "2247"]
[BlackElo "2379"]
[PlyCount "85"]
[EventDate "2010.08.04"]
[SourceDate "2010.08.04"]

1. e4 c6 2. d4 d5 3. exd5 cxd5 4. Bd3 Nf6 5. h3 Nc6 6. c3 e6 7. Bf4 Bd6 8. Bxd6
Qxd6 9. Nf3 Ne4 10. Nbd2 f5 11. Bb5 O-O 12. O-O Rb8 13. Rb1 a6 14. Bxc6 bxc6
15. Ne5 a5 16. f3 Ng3 17. Re1 c5 18. Nb3 cxd4 19. cxd4 Ba6 20. Nc5 Bb5 21. a4
Be8 22. Ned3 Rf6 23. Qd2 f4 24. Re5 Bg6 25. Rbe1 Bxd3 26. Nxd3 Nf5 27. Qxf4 Ne7
28. Rxe6 Qxf4 29. Nxf4 Rxf4 30. Rxe7 Rxd4 31. Rd7 Kh8 32. Re2 Rg8 33. b3 Rd3
34. Re5 Rxb3 35. Rexd5 Rb6 36. Rxa5 Rc8 37. Rad5 Rbb8 38. Rd4 h6 39. Rg4 g5 40.
h4 Rb1+ 41. Kh2 Rc5 42. Re4 Rb8 43. Re6 1-0

[Event "Minsk Open 2010"]
[Site "?"]
[Date "2010.08.08"]
[Round "5.9"]
[White "Belyakov, Bogdan"]
[Black "Kolesnik, Eduard"]
[Result "1/2-1/2"]
[WhiteElo "2225"]
[BlackElo "2351"]
[PlyCount "222"]
[EventDate "2010.08.04"]
[SourceDate "2010.08.04"]

1. e4 e5 2. Nf3 Nc6 3. Bc4 Bc5 4. b4 Bxb4 5. c3 Ba5 6. d4 exd4 7. O-O Nge7 8.
cxd4 d5 9. exd5 Nxd5 10. Qb3 Be6 11. Ba3 Qd7 12. Rc1 Nb6 13. Bxe6 fxe6 14. Nc3
O-O-O 15. Rab1 Bxc3 16. Qxc3 g5 17. Bc5 g4 18. Bxb6 gxf3 19. Bc5 fxg2 20. Qc4
Qd5 21. Qc3 Kb8 22. Rb5 b6 23. a4 Qe4 24. Re1 Qg4 25. Bxb6 axb6 26. Qxc6 Qxd4
27. Ra5 bxa5 28. Rb1+ Qb4 29. Rxb4+ axb4 30. Qb5+ Kc8 31. Qa6+ Kd7 32. Qb5+ Ke7
33. Qxb4+ Rd6 34. Qc5 Rg8 35. Qxc7+ Rd7 36. Qc5+ Kd8 37. Qb6+ Ke7 38. Qc5+ Kf6
39. Qc3+ Kf7 40. Qf3+ Ke7 41. Qa3+ Kd8 42. Qb3 Rg5 43. a5 Rdd5 44. a6 Ra5 45.
Qb2 Ke7 46. h4 Rgb5 47. Qg7+ Kd6 48. Qd4+ Ke7 49. Qa7+ Kf6 50. Kxg2 Rb4 51.
Qxh7 Rxa6 52. Qh6+ Kf7 53. Qh5+ Kf6 54. Qg5+ Kf7 55. h5 Raa4 56. Qg6+ Ke7 57.
Qg7+ Kd6 58. Kg3 Rb8 59. h6 Raa8 60. h7 Rf8 61. f4 Rab8 62. Kg4 Rbc8 63. Kg5
Rc5+ 64. Kg4 Rcc8 65. Qd4+ Ke7 66. Kg5 Rf7 67. Kg6 Rff8 68. Qb4+ Kd7 69. Kg7
Rh8 70. Qb6 Rb8 71. Qd4+ Ke7 72. Qf6+ Kd7 73. Qh6 Rhe8 74. Qh3 Rh8 75. Qd3+ Ke7
76. Qd4 Rbc8 77. Qe3 Kd7 78. Qa3 Ra8 79. Qd3+ Ke7 80. Qe4 Kd7 81. Qb4 Rab8 82.
Qd4+ Ke7 83. Qa7+ Kd6 84. Qa6+ Ke7 85. Qc6 Rbc8 86. Qb6 Kd7 87. Kf6 Rcf8+ 88.
Ke5 Rf5+ 89. Ke4 Rff8 90. Qc5 Rc8 91. Qa7+ Kd6 92. Qd4+ Ke7 93. Ke5 Rhd8 94.
Qb4+ Kf7 95. Qb7+ Kg6 96. Qe7 Re8 97. h8=Q Rxh8 98. Qxe6+ Kg7 99. Qe7+ Kh6 100.
Qg5+ Kh7 101. f5 Rhe8+ 102. Kd6 Red8+ 103. Ke7 Re8+ 104. Kd7 Rf8 105. Qg6+ Kh8
106. f6 Rfd8+ 107. Ke7 Rc7+ 108. Ke6 Rf8 109. Qh6+ Kg8 110. Qg5+ Kh8 111. Qh6+
Kg8 1/2-1/2

[Event "Minsk Open 2010"]
[Site "?"]
[Date "2010.08.08"]
[Round "5.11"]
[White "Grib, Roman"]
[Black "Kovalev, Vladislav"]
[Result "1/2-1/2"]
[WhiteElo "2219"]
[BlackElo "2329"]
[PlyCount "66"]
[EventDate "2010.08.04"]
[SourceDate "2010.08.04"]

1. e4 e5 2. Nf3 Nc6 3. Bb5 a6 4. Ba4 Nf6 5. O-O Be7 6. Re1 b5 7. Bb3 d6 8. c3
O-O 9. h3 Na5 10. Bc2 c5 11. d4 Qc7 12. d5 Nc4 13. a4 Bd7 14. b3 Na5 15. axb5
axb5 16. Nbd2 c4 17. b4 Nb7 18. Bb2 g6 19. Qe2 Nh5 20. Qe3 Nf4 21. Ra7 Rxa7 22.
Qxa7 Qb8 23. Ra1 Qxa7 24. Rxa7 Rb8 25. Nf1 Bd8 26. Ra6 Nh5 27. Bc1 Be7 28. Be3
Rd8 29. Ng3 Nxg3 30. fxg3 Be8 31. Ra1 f6 32. g4 g5 33. Kf2 Bf7 1/2-1/2

[Event "Minsk Open 2010"]
[Site "?"]
[Date "2010.08.08"]
[Round "5.12"]
[White "Meribanov, Vitaly"]
[Black "Kholopov, Alexander"]
[Result "1-0"]
[WhiteElo "2171"]
[BlackElo "2315"]
[PlyCount "87"]
[EventDate "2010.08.04"]
[SourceDate "2010.08.04"]

1. e4 d6 2. d4 g6 3. Nf3 Bg7 4. Nc3 a6 5. a4 Bg4 6. Bc4 Nf6 7. h3 Bxf3 8. Qxf3
Nc6 9. Be3 O-O 10. Bb3 e5 11. dxe5 dxe5 12. O-O Nd4 13. Bxd4 exd4 14. Rad1 Nd7
15. Nd5 c6 16. Nf4 Qc7 17. h4 Nc5 18. Ba2 Rfe8 19. Rfe1 Nxa4 20. h5 Nxb2 21.
hxg6 hxg6 22. Ra1 Rad8 23. Nxg6 d3 24. cxd3 Nxd3 25. Re3 Nb4 26. Qh5 Rd6 27.
Rh3 Rxg6 28. Qxg6 Kf8 29. Bxf7 Qxf7 30. Rf3 Qxf3 31. gxf3 Bxa1 32. Qd6+ Re7 33.
Qxb4 Be5 34. Qd2 Bc7 35. Qh6+ Ke8 36. f4 a5 37. f5 Be5 38. f6 Rf7 39. Qh8+ Kd7
40. Qh5 Ke6 41. Qf5+ Kd6 42. f4 Bd4+ 43. Kg2 Bxf6 44. e5+ 1-0

[Event "Minsk Open 2010"]
[Site "?"]
[Date "2010.08.08"]
[Round "5.15"]
[White "Mukhin, Pavel"]
[Black "Mochalov, Evgeny V"]
[Result "0-1"]
[WhiteElo "2214"]
[BlackElo "2408"]
[PlyCount "76"]
[EventDate "2010.08.04"]
[SourceDate "2010.08.04"]

1. d4 Nf6 2. Nf3 d5 3. Bg5 Ne4 4. Bf4 c5 5. e3 Nc6 6. c3 Qb6 7. Qb3 c4 8. Qc2
Bf5 9. Qc1 e6 10. Be2 Be7 11. Nbd2 g5 12. Nxe4 gxf4 13. Ned2 Qc7 14. Nf1 fxe3
15. Qxe3 b5 16. a3 Bg6 17. Ng3 h5 18. h4 O-O-O 19. Ng5 e5 20. dxe5 Qxe5 21. O-O
Bxg5 22. Qxg5 Qxg5 23. hxg5 Kc7 24. f4 h4 25. Nh1 d4 26. cxd4 Nxd4 27. Bd1 Rhe8
28. g4 Bd3 29. Nf2 Bxf1 30. Kxf1 Re3 31. Rc1 h3 32. a4 a6 33. Bc2 Ne2 34. Rd1
Nxf4 35. axb5 axb5 36. Re1 Rxe1+ 37. Kxe1 h2 38. Be4 Re8 0-1

[Event "Minsk Open 2010"]
[Site "?"]
[Date "2010.08.08"]
[Round "5.16"]
[White "Zamruk, Aleksandar"]
[Black "Tuebayeva, Alfiva"]
[Result "1-0"]
[WhiteElo "2394"]
[BlackElo "2162"]
[PlyCount "111"]
[EventDate "2010.08.04"]
[SourceDate "2010.08.04"]

1. e4 e5 2. Nf3 Nc6 3. Nc3 Nf6 4. Bc4 Be7 5. d4 d6 6. h3 O-O 7. O-O a6 8. dxe5
dxe5 9. Bd5 Bd7 10. Re1 Bb4 11. Bd2 Qe7 12. a3 Bd6 13. Ba2 Nd4 14. Bg5 Nxf3+
15. Qxf3 c6 16. Ne2 Be6 17. Ng3 h6 18. Bxf6 Qxf6 19. Qxf6 gxf6 20. Nf5 Bxf5 21.
exf5 Rfd8 22. Rad1 Bc5 23. Kf1 Kf8 24. Ke2 Ke7 25. c3 Rxd1 26. Rxd1 Rg8 27. g3
e4 28. b4 Bb6 29. Bxf7 Kxf7 30. Rd7+ Ke8 31. Rxb7 Bd8 32. Ke3 Rf8 33. Kxe4 Rf7
34. Rxf7 Kxf7 35. c4 h5 36. a4 Bb6 37. f4 Bf2 38. g4 hxg4 39. hxg4 Bh4 40. b5
cxb5 41. cxb5 axb5 42. axb5 Ke7 43. Kd5 Kd7 44. b6 Bg3 45. g5 Bxf4 46. g6 Ke7
47. Kc6 Be5 48. Kb7 Bd4 49. Kc7 Be5+ 50. Kc8 Ke8 51. b7 Ke7 52. b8=Q Bxb8 53.
Kxb8 Kf8 54. Kc7 Ke7 55. Kc6 Kf8 56. Kd6 1-0

[Event "Minsk Open 2010"]
[Site "?"]
[Date "2010.08.08"]
[Round "5.17"]
[White "Smirnov, Valerij"]
[Black "Poleshchuk, Dmitriy"]
[Result "1-0"]
[WhiteElo "2361"]
[BlackElo "2204"]
[PlyCount "28"]
[EventDate "2010.08.04"]
[SourceDate "2010.08.04"]

1. d4 Nf6 2. c4 g6 3. Nc3 Bg7 4. e4 O-O 5. h3 d6 6. Bg5 Na6 7. Nge2 c6 8. Ng3
Nc7 9. Be2 Nd7 10. Be3 e5 11. d5 c5 12. O-O h5 13. Qd2 h4 14. Nh1 f5 1-0

[Event "Minsk Open 2010"]
[Site "?"]
[Date "2010.08.08"]
[Round "5.19"]
[White "Homiakova, Ekaterina"]
[Black "Khaiminov, Alexandr"]
[Result "1-0"]
[WhiteElo "2147"]
[BlackElo "2323"]
[PlyCount "129"]
[EventDate "2010.08.04"]
[SourceDate "2010.08.04"]

1. e4 e6 2. d4 d5 3. Nd2 Nf6 4. e5 Nfd7 5. Bd3 c5 6. c3 Nc6 7. Ne2 cxd4 8. cxd4
f6 9. exf6 Nxf6 10. O-O Bd6 11. Nf3 O-O 12. Bg5 Bd7 13. Bh4 Qb6 14. b3 Kh8 15.
Bg3 Bxg3 16. hxg3 Rae8 17. Rc1 a6 18. Bb1 Qb4 19. Nf4 Qd6 20. Nd3 Ng4 21. Ng5
e5 22. dxe5 Ncxe5 23. Nf4 h6 24. Nf3 Nxf3+ 25. Qxf3 Kg8 26. Qd3 Bf5 27. Qxd5+
Qxd5 28. Nxd5 Bxb1 29. Rxb1 Re2 30. f3 Nf6 31. Nxf6+ Rxf6 32. Rf2 Re3 33. Rd2
Rc6 34. Kf2 Rec3 35. Re1 Rc7 36. Re3 Rc1 37. Re1 R1c3 38. Re8+ Kf7 39. Red8 Ke7
40. R8d4 Ke6 41. Re2+ Kf7 42. g4 Kf8 43. Rd5 Kg8 44. g5 hxg5 45. Rxg5 Rd3 46.
Rge5 Kf7 47. R5e3 Rd1 48. Kg3 Rd6 49. f4 Rd1 50. Kg4 Kf6 51. g3 Rf1 52. Re5 Rd1
53. Rf5+ Kg6 54. Re6+ Kh7 55. Rh5+ Kg8 56. Re8+ Kf7 57. Rhh8 Kf6 58. Rhf8+ Rf7
59. Rd8 Rxd8 60. Rxd8 Ke7 61. Rd4 Ke6 62. Re4+ Kd5 63. Re2 b5 64. f5 a5 65. Kg5
1-0

[Event "Minsk Open 2010"]
[Site "?"]
[Date "2010.08.08"]
[Round "5.20"]
[White "Omariev, Maksim"]
[Black "Chernikova, Svetlana"]
[Result "1/2-1/2"]
[WhiteElo "2311"]
[BlackElo "2090"]
[PlyCount "72"]
[EventDate "2010.08.04"]
[SourceDate "2010.08.04"]

1. e4 c5 2. Nf3 g6 3. d4 cxd4 4. Nxd4 Nf6 5. Nc3 Nc6 6. Nxc6 dxc6 7. Qxd8+ Kxd8
8. Bf4 Nh5 9. O-O-O+ Ke8 10. Be3 e5 11. Bc4 Nf4 12. Bxf4 exf4 13. Ne2 Be6 14.
Bxe6 fxe6 15. c3 Bh6 16. Kc2 Ke7 17. Nc1 f3 18. gxf3 Bxc1 19. Kxc1 Rhf8 20. Rd3
Rad8 21. Re3 g5 22. b4 g4 23. Rg1 h5 24. Rg2 Rf4 25. fxg4 hxg4 26. h4 Kf6 27.
f3 gxf3 28. Rf2 Rh8 29. Rexf3 Rxf3 30. Rxf3+ Ke5 31. Rf7 b5 32. Rxa7 Kxe4 33.
a4 Rxh4 34. a5 Rh1+ 35. Kc2 Kd5 36. Rd7+ Ke5 1/2-1/2

[Event "Minsk Open 2010"]
[Site "?"]
[Date "2010.08.09"]
[Round "6.2"]
[White "Glidzhain, Gor"]
[Black "Lintchevski, Daniil"]
[Result "0-1"]
[WhiteElo "2369"]
[BlackElo "2507"]
[PlyCount "48"]
[EventDate "2010.08.04"]
[SourceDate "2010.08.04"]

1. e4 c6 2. d4 d5 3. f3 e6 4. Nc3 Bb4 5. Bf4 Nf6 6. Qd3 b6 7. O-O-O Ba6 8. Qe3
Bxf1 9. Rxf1 O-O 10. Nge2 b5 11. h4 Nbd7 12. e5 Ne8 13. Bg5 Be7 14. f4 Nc7 15.
f5 exf5 16. Ng3 g6 17. Bh6 Ne6 18. Bxf8 Qxf8 19. Nce2 c5 20. Kb1 cxd4 21. Nxd4
Bc5 22. Nxe6 fxe6 23. Qe2 Bd4 24. Qxb5 Rb8 0-1

[Event "Minsk Open 2010"]
[Site "?"]
[Date "2010.08.09"]
[Round "6.4"]
[White "Tihonov, Jurij"]
[Black "Zhigalko, Andrey"]
[Result "1/2-1/2"]
[WhiteElo "2469"]
[BlackElo "2591"]
[PlyCount "190"]
[EventDate "2010.08.04"]
[SourceDate "2010.08.04"]

1. d4 Nf6 2. c4 g6 3. Nc3 Bg7 4. e4 d6 5. h3 O-O 6. Be3 c5 7. Nf3 cxd4 8. Nxd4
b6 9. g3 Bb7 10. Bg2 Nbd7 11. O-O Rb8 12. Qc2 a6 13. Rad1 Ba8 14. a4 e6 15. b3
Qe7 16. Qb1 Rfc8 17. Rd2 Ne5 18. Rfd1 Ne8 19. f4 Nc6 20. Nxc6 Bxc6 21. Qd3 Qb7
22. Bd4 Bxd4+ 23. Qxd4 b5 24. axb5 axb5 25. f5 bxc4 26. bxc4 Qb6 27. fxe6 Qxd4+
28. Rxd4 fxe6 29. Bf1 Rb3 30. R4d3 Rb2 31. R3d2 Rxd2 32. Rxd2 Kf7 33. Nb5 Ke7
34. Na7 Rc7 35. Nb5 Rb7 36. Bd3 Nf6 37. Kf2 Bxe4 38. Nxd6 Rd7 39. Bxe4 Rxd6 40.
Re2 Rd4 41. Bd5 Nxd5 42. cxd5 Rxd5 43. Ra2 h5 44. Ke3 Rb5 45. Ra8 Rb4 46. Kf3
Kf7 47. Rc8 Ra4 48. Rb8 Kf6 49. Rf8+ Ke5 50. Rg8 Ra3+ 51. Kf2 Kf6 52. Rf8+ Ke7
53. Rg8 Kf7 54. Rb8 e5 55. Rb6 h4 56. gxh4 Rxh3 57. Rb4 Ke6 58. Rg4 Kf5 59.
Rg5+ Kf6 60. Rg4 Rd3 61. Rg1 Rh3 62. Rg4 Rd3 63. Rg1 Rd4 64. Rh1 Rf4+ 65. Ke3
Rf5 66. Ke4 Rh5 67. Ke3 Ke6 68. Rg1 Kf7 69. Rf1+ Rf5 70. Rh1 Ke6 71. Rg1 Kf6
72. Rh1 Kf7 73. Ke4 Ke6 74. Ke3 Kf6 75. Ke4 Rh5 76. Ke3 Kg7 77. Ke4 Kf7 78. Ke3
Rh8 79. Rf1+ Ke6 80. Rg1 Rh6 81. Rg2 Kf5 82. Rg5+ Kf6 83. Rg4 Rh8 84. Ke2 Ra8
85. Rg1 Ra2+ 86. Ke3 Ra3+ 87. Ke2 Rh3 88. Rg4 Ra3 89. Rg1 e4 90. Rg4 Kf5 91.
Rg5+ Kf4 92. Rxg6 Ra2+ 93. Kf1 Kf3 94. Rf6+ Ke3 95. h5 Ra1+ 1/2-1/2

[Event "Minsk Open 2010"]
[Site "?"]
[Date "2010.08.09"]
[Round "6.6"]
[White "Teterev, Vitaly"]
[Black "Meribanov, Vitaly"]
[Result "1/2-1/2"]
[WhiteElo "2520"]
[BlackElo "2171"]
[PlyCount "57"]
[EventDate "2010.08.04"]
[SourceDate "2010.08.04"]

1. Nf3 Nf6 2. g3 g6 3. Bg2 Bg7 4. c4 c5 5. O-O O-O 6. d4 cxd4 7. Nxd4 Nc6 8.
Nc3 Nxd4 9. Qxd4 d6 10. Qd3 a6 11. Bf4 Bf5 12. Qd2 Qd7 13. c5 dxc5 14. Qxd7
Nxd7 15. Bxb7 Ra7 16. Bg2 Bxc3 17. bxc3 e5 18. Bh6 Rb8 19. Rfd1 Nf6 20. Be3 Rc7
21. Rac1 Rb2 22. Bg5 Kg7 23. Rd6 Be6 24. a4 a5 25. Rd2 Rb3 26. f4 h6 27. Bh4
exf4 28. gxf4 Ra3 29. Rd6 1/2-1/2